000 00736nam a2200193Ia 4500
003 GCL
008 140319s9999 xx 000 0 ara d
040 _aGCL /
_cGCL
082 0 4 _a810.9
_bخ ق
100 1 _aخالد ابراهيم يوسف
245 1 0 _aقراءات ورؤى فى النقد والادب عند العرب /
_cخالد ابراهيم يوسف
250 _aالاولى
260 _aالقاهرة :
_bمؤسسة الرحاب الحديثة ،
_c1998
300 _a160 ص ؛
_c24 سم
650 0 4 _aالادب العربى - تاريخ ونقد
650 0 4 _aالادب العربى - مقالات ومحاضرات
650 0 4 _aالادب العربى - تاريخ - العصر الحديث
942 _2ddc
_cBK
999 _c5327
_d5327